[Event "c14"]
[Site "?"]
[Date "2020.08.25"]
[Round "8.1"]
[White "Klimkowski, Jan"]
[Black "Wieczorek, Mikolaj"]
[Result "1/2-1/2"]
[BlackElo "1550"]
[WhiteElo "1998"]
[LiveChessVersion "1.4.8"]

1. e4 {[%clk 0:15:19]} c5 {[%clk 0:15:17]} 2. Nf3 {[%clk 0:15:28]} Nc6
{[%clk 0:15:25]} 3. d4 {[%clk 0:15:37]} cxd4 {[%clk 0:15:35]} 4. Nxd4
{[%clk 0:15:46]} Nf6 {[%clk 0:15:42]} 5. Nc3 {[%clk 0:15:54]} d6 6. Bg5 e6
{[%clk 0:15:47]} 7. Qd2 {[%clk 0:15:59]} Be7 {[%clk 0:15:52]} 8. f3
{[%clk 0:16:05]} a6 {[%clk 0:15:53]} 9. O-O-O {[%clk 0:15:43]} Qc7
{[%clk 0:15:53]} 10. h4 {[%clk 0:15:51]} b5 {[%clk 0:13:58]} 11. Nxc6
{[%clk 0:15:49]} Qxc6 {[%clk 0:14:03]} 12. Kb1 {[%clk 0:15:57]} Bb7
{[%clk 0:13:47]} 13. Ne2 {[%clk 0:15:36]} Rc8 {[%clk 0:12:59]} 14. g4
{[%clk 0:15:03]} Qc7 {[%clk 0:12:53]} 15. Nd4 {[%clk 0:14:21]} h6
{[%clk 0:11:52]} 16. Be3 {[%clk 0:14:23]} Nd7 {[%clk 0:11:52]} 17. Be2
{[%clk 0:12:20]} d5 {[%clk 0:10:56]} 18. g5 {[%clk 0:11:44]} hxg5
{[%clk 0:08:29]} 19. hxg5 {[%clk 0:10:37]} Rxh1 {[%clk 0:08:05]} 20. Rxh1
{[%clk 0:10:46]} dxe4 {[%clk 0:08:09]} 21. g6 {[%clk 0:09:58]} exf3
{[%clk 0:07:27]} 22. gxf7+ {[%clk 0:09:54]} Kxf7 {[%clk 0:07:32]} 23. Nxf3
{[%clk 0:07:44]} Bxf3 {[%clk 0:07:30]} 24. Bxf3 {[%clk 0:07:52]} Nf6
{[%clk 0:07:38]} 25. Qg2 {[%clk 0:06:28]} Qe5 {[%clk 0:06:37]} 26. Bc1
{[%clk 0:06:36]} a5 {[%clk 0:06:05]} 27. Rg1 {[%clk 0:06:16]} Bf8
{[%clk 0:05:43]} 28. Bh5+ {[%clk 0:05:39]} Nxh5 {[%clk 0:04:52]} 29. Qg6+
{[%clk 0:05:48]} Ke7 {[%clk 0:05:00]} 30. Rg5 {[%clk 0:05:46]} Nf4
{[%clk 0:03:38]} 31. Rxe5 Nxg6 32. Rxb5 {[%clk 0:04:45]} Ra8 {[%clk 0:03:38]} 33.
Bg5+ {[%clk 0:04:47]} Kf7 {[%clk 0:03:29]} 34. c4 {[%clk 0:04:56]} Rc8
{[%clk 0:03:27]} 35. Rxa5 {[%clk 0:04:45]} Rxc4 {[%clk 0:03:33]} 36. Ra7+
{[%clk 0:04:54]} Be7 {[%clk 0:03:09]} 37. a4 {[%clk 0:04:54]} Ke8
{[%clk 0:03:16]} 38. Bd2 {[%clk 0:04:59]} Ne5 {[%clk 0:02:50]} 39. a5
{[%clk 0:04:48]} Nc6 {[%clk 0:02:21]} 40. Ra8+ {[%clk 0:04:44]} Kd7
{[%clk 0:02:30]} 41. b3 {[%clk 0:04:45]} Rd4 {[%clk 0:02:09]} 42. Bc3
{[%clk 0:04:43]} Rd3 {[%clk 0:02:10]} 43. Kc2 {[%clk 0:04:47]} Rxc3+
{[%clk 0:02:10]} 44. Kxc3 {[%clk 0:04:41]} Bb4+ {[%clk 0:02:19]} 45. Kc4
{[%clk 0:04:26]} Bxa5 {[%clk 0:02:20]} 46. Rg8 {[%clk 0:04:32]} Kd6
{[%clk 0:02:08]} 47. Rxg7 {[%clk 0:04:37]} Bb6 {[%clk 0:02:14]} 48. b4
{[%clk 0:04:26]} Be3 {[%clk 0:01:59]} 49. b5 {[%clk 0:04:18]} Ne5+
{[%clk 0:02:08]} 50. Kb4 {[%clk 0:04:23]} Nd7 {[%clk 0:02:13]} 51. Kc4
{[%clk 0:04:22]} Bc5 {[%clk 0:02:20]} 52. Rxd7+ 1/2-1/2

[Event "c14"]
[Site "?"]
[Date "2020.08.25"]
[Round "8.2"]
[White "Zdybel, Przemyslaw"]
[Black "Malek, Jan"]
[Result "1-0"]
[BlackElo "1843"]
[WhiteElo "1455"]
[LiveChessVersion "1.4.8"]

1. e4 d6 2. d4 Nf6 3. Nc3 Nbd7 4. Nf3 e5 5. Bc4 Be7 6. a4 O-O 7. O-O c6 8. a5 h6
9. Re1 Qc7 10. h3 Rd8 11. b3 Nf8 12. Bb2 d5 13. exd5 cxd5 14. Bf1 e4 15. Ne5 a6
16. Re3 Bd6 17. Ne2 N8d7 18. Nxd7 Bxd7 19. c4 dxc4 20. Rc3 Nd5 21. Rxc4 Qb8 22.
Qc2 f5 23. Nc3 Be6 24. Nxd5 Bxd5 25. Rc3 f4 26. Bc4 Bxc4 27. bxc4 Re8 28. c5 Bc7
29. Rb3 Qd8 30. Qc4+ Kh8 31. d5 Rc8 32. Rxb7 Be5 33. Bxe5 Rxe5 34. Rd1 f3 35. Qd4
Qg5 36. g3 e3 37. d6 exf2+ 38. Qxf2 Rexc5 39. d7 Rf8 40. Rb2 Rd5 41. Rbd2 Rxd2
42. Rxd2 Qxa5 43. Qd4 Qd8 44. Kf2 a5 45. Qc5 Kg8 46. Qd5+ Kh7 47. Qd6 Rf6 48.
Qd3+ Kh8 49. Qe3 Rf8 50. Qc5 Rf7 51. Qc8 Rf8 52. Qc5 Rf7 1-0

[Event "c14"]
[Site "?"]
[Date "2020.08.25"]
[Round "8.3"]
[White "Fiszer, Bartosz"]
[Black "Karolczuk, Iwo"]
[Result "1-0"]
[BlackElo "1951"]
[WhiteElo "1890"]
[LiveChessVersion "1.4.8"]

1. e4 {[%clk 0:15:15]} c5 {[%clk 0:15:18]} 2. Nf3 {[%clk 0:15:23]} Nc6
{[%clk 0:15:26]} 3. d4 {[%clk 0:15:32]} cxd4 {[%clk 0:15:33]} 4. Nxd4
{[%clk 0:15:40]} e5 {[%clk 0:15:41]} 5. Nb5 {[%clk 0:15:48]} d6 {[%clk 0:15:47]}
6. N1c3 {[%clk 0:15:56]} a6 {[%clk 0:15:55]} 7. Na3 {[%clk 0:16:04]} Be6
{[%clk 0:16:03]} 8. Nc4 {[%clk 0:15:39]} Rb8 {[%clk 0:16:11]} 9. Ne3
{[%clk 0:15:17]} Nf6 {[%clk 0:15:47]} 10. g3 {[%clk 0:15:14]} g6 {[%clk 0:15:34]}
11. Bg2 {[%clk 0:15:12]} Bg7 {[%clk 0:13:13]} 12. O-O {[%clk 0:15:18]} O-O
{[%clk 0:13:21]} 13. f4 {[%clk 0:14:12]} exf4 {[%clk 0:13:28]} 14. gxf4
{[%clk 0:14:20]} Qb6 {[%clk 0:09:42]} 15. Kh1 {[%clk 0:14:04]} Qd4
{[%clk 0:08:41]} 16. f5 {[%clk 0:12:20]} Bd7 {[%clk 0:08:26]} 17. Qxd4
{[%clk 0:07:23]} Nxd4 {[%clk 0:08:34]} 18. Ncd5 {[%clk 0:07:30]} gxf5
{[%clk 0:07:09]} 19. exf5 {[%clk 0:06:57]} Nxd5 {[%clk 0:04:52]} 20. Nxd5
{[%clk 0:06:59]} Nxf5 {[%clk 0:04:47]} 21. Rxf5 {[%clk 0:07:05]} Bxf5
{[%clk 0:04:57]} 22. Ne7+ {[%clk 0:07:12]} Kh8 {[%clk 0:05:06]} 23. Nxf5
{[%clk 0:07:20]} Be5 {[%clk 0:05:14]} 24. Be3 {[%clk 0:06:21]} b5
{[%clk 0:04:48]} 25. Rd1 {[%clk 0:05:27]} Rfc8 {[%clk 0:04:28]} 26. Rd2
{[%clk 0:01:39]} Bxb2 {[%clk 0:03:00]} 27. Nxd6 {[%clk 0:01:43]} Rc7
{[%clk 0:02:53]} 28. Bf4 {[%clk 0:01:10]} Bc1 {[%clk 0:02:38]} 29. Be5+
{[%clk 0:01:01]} Kg8 {[%clk 0:02:42]} 30. Re2 {[%clk 0:00:29]} Rd8
{[%clk 0:01:48]} 31. Bf6 {[%clk 0:00:20]} Rcd7 {[%clk 0:00:29]} 32. Bxd8
{[%clk 0:00:18]} Rxd6 {[%clk 0:00:29]} 33. Bh4 {[%clk 0:00:24]} Ba3
{[%clk 0:00:28]} 34. Bf3 {[%clk 0:00:24]} Bb4 {[%clk 0:00:33]} 35. Kg2
{[%clk 0:00:31]} Rg6+ {[%clk 0:00:34]} 36. Bg3 {[%clk 0:00:37]} Kg7
{[%clk 0:00:41]} 37. Re4 {[%clk 0:00:37]} Bd2 {[%clk 0:00:47]} 38. Rg4
{[%clk 0:00:42]} a5 {[%clk 0:00:29]} 39. Rxg6+ {[%clk 0:00:41]} hxg6
{[%clk 0:00:35]} 40. Bc6 {[%clk 0:00:48]} b4 {[%clk 0:00:38]} 41. Bc7
{[%clk 0:00:55]} Kf8 {[%clk 0:00:37]} 42. Bd6+ {[%clk 0:00:59]} Kg7
{[%clk 0:00:44]} 43. Kf3 {[%clk 0:00:57]} Kf6 {[%clk 0:00:52]} 44. Ke4
{[%clk 0:01:05]} Ke6 {[%clk 0:01:01]} 45. Bc7 {[%clk 0:01:11]} f5+
{[%clk 0:01:05]} 46. Kd3 {[%clk 0:01:17]} Bc3 {[%clk 0:01:13]} 47. Bxa5
{[%clk 0:01:22]} Be5 {[%clk 0:01:10]} 48. h3 {[%clk 0:01:27]} Kd6
{[%clk 0:01:18]} 49. Be8 {[%clk 0:01:34]} g5 {[%clk 0:01:25]} 50. Bxb4+
{[%clk 0:01:42]} Kc7 {[%clk 0:01:31]} 51. Bg6 {[%clk 0:01:49]} g4
{[%clk 0:01:40]} 52. Bxf5 {[%clk 0:01:55]} g3 {[%clk 0:01:48]} 53. Be4
{[%clk 0:02:04]} 1-0

[Event "c14"]
[Site "?"]
[Date "2020.08.25"]
[Round "8.4"]
[White "Bancarewicz, Aleks"]
[Black "Paprocki, Antoni"]
[Result "0-1"]
[BlackElo "1843"]
[WhiteElo "1647"]
[LiveChessVersion "1.4.8"]

1. e4 {[%clk 0:15:18]} c5 {[%clk 0:15:19]} 2. Nf3 {[%clk 0:15:26]} a6
{[%clk 0:15:27]} 3. c4 {[%clk 0:15:29]} e6 {[%clk 0:15:36]} 4. d4
{[%clk 0:15:21]} cxd4 {[%clk 0:15:44]} 5. Nxd4 {[%clk 0:15:29]} Nf6
{[%clk 0:15:51]} 6. Nc3 {[%clk 0:15:32]} Bb4 {[%clk 0:15:48]} 7. Qd3
{[%clk 0:15:34]} Qc7 {[%clk 0:15:42]} 8. a3 {[%clk 0:15:36]} Bxc3+
{[%clk 0:15:49]} 9. Qxc3 {[%clk 0:15:42]} Nxe4 {[%clk 0:15:16]} 10. Nb5
{[%clk 0:15:43]} axb5 {[%clk 0:14:31]} 11. Qxg7 {[%clk 0:15:51]} Rf8
{[%clk 0:14:39]} 12. Bh6 {[%clk 0:15:53]} Qc5 {[%clk 0:14:47]} 13. cxb5
{[%clk 0:14:48]} d5 {[%clk 0:11:52]} 14. Rc1 {[%clk 0:13:52]} Qxf2+
{[%clk 0:12:00]} 15. Kd1 {[%clk 0:14:01]} Nd7 {[%clk 0:12:09]} 16. Be2
{[%clk 0:03:24]} Nd6 {[%clk 0:08:18]} 17. Rf1 {[%clk 0:03:20]} Qh4
{[%clk 0:08:27]} 18. Rc7 {[%clk 0:02:49]} Qe7 {[%clk 0:05:46]} 19. Bh5
{[%clk 0:01:56]} Nf5 {[%clk 0:05:36]} 20. Rxf5 {[%clk 0:00:49]} exf5
{[%clk 0:05:45]} 21. b6 {[%clk 0:00:29]} Qf6 {[%clk 0:02:51]} 22. Qxh7
{[%clk 0:00:23]} Rh8 {[%clk 0:02:32]} 23. Bxf7+ {[%clk 0:00:18]} Ke7
{[%clk 0:02:26]} 24. Rxd7+ {[%clk 0:00:12]} Bxd7 {[%clk 0:02:30]} 25. Qxh8
{[%clk 0:00:18]} Rxh8 {[%clk 0:02:37]} 0-1

[Event "c14"]
[Site "?"]
[Date "2020.08.25"]
[Round "8.5"]
[White "Chyzy, Jakub"]
[Black "Wnek, Filip"]
[Result "1-0"]
[BlackElo "1673"]
[WhiteElo "1930"]
[LiveChessVersion "1.4.8"]

1. e4 c5 2. Nf3 d6 3. d4 cxd4 4. Qxd4 Bd7 5. c4 Nc6 6. Qe3 Nf6 7. h3 e6 8. Be2
Be7 9. O-O O-O 10. Nc3 a6 11. b3 Qc7 12. Rd1 Rfd8 13. a4 Rac8 14. Ba3 Be8 15. Nd4
Nd7 16. Nf5 Nc5 17. Nxe7+ Nxe7 18. Rab1 b6 19. Bf3 Ng6 20. Ne2 Ne5 21. Nd4 Nxf3+
22. Qxf3 Bc6 23. Nxc6 Qxc6 24. Rd4 b5 25. axb5 axb5 26. Bb2 bxc4 27. Rxc4 Qb7 28.
b4 Na4 29. Rxc8 Rxc8 30. Bd4 e5 31. Be3 f6 32. b5 Nc3 33. Rc1 Nxb5 34. Rb1 Qd7
35. Kh2 Na3 36. Rd1 Nc2 37. Bb6 Kh8 38. Qd3 Rc6 39. Qb5 h6 40. Qa4 Qb7 41. Bd8
Nd4 42. Ra1 Rc8 43. Ba5 Qxe4 44. Qd7 Qf5 45. Qb7 Rg8 46. Be1 Nc2 47. Rd1 Nxe1 48.
Rxe1 Qxf2 49. Re4 f5 50. Rc4 e4 51. Qe7 d5 52. Rc6 Qf4+ 53. Kg1 e3 54. Re6 d4 55.
Qd7 Qf2+ 56. Kh2 e2 57. Qd6 e1=Q 58. Rxh6+ 1-0

[Event "c14"]
[Site "?"]
[Date "2020.08.25"]
[Round "8.6"]
[White "Herwy, Jakub"]
[Black "Matela, Krzysztof"]
[Result "1/2-1/2"]
[BlackElo "1706"]
[WhiteElo "1615"]
[LiveChessVersion "1.4.8"]

1. e4 {[%clk 0:15:19]} d5 {[%clk 0:15:19]} 2. exd5 {[%clk 0:15:27]} Nf6
{[%clk 0:15:29]} 3. d4 {[%clk 0:15:35]} Nxd5 {[%clk 0:15:38]} 4. Nf3
{[%clk 0:15:43]} Bg4 {[%clk 0:15:46]} 5. c4 {[%clk 0:15:52]} Nb6 {[%clk 0:15:54]}
6. c5 {[%clk 0:15:52]} Nd5 {[%clk 0:16:03]} 7. Qb3 {[%clk 0:15:21]} Nc6
{[%clk 0:14:23]} 8. Qxb7 {[%clk 0:14:28]} Bd7 {[%clk 0:14:27]} 9. Bb5
{[%clk 0:14:10]} Ndb4 {[%clk 0:12:38]} 10. d5 {[%clk 0:14:19]} Rb8
{[%clk 0:11:50]} 11. dxc6 {[%clk 0:14:26]} Bf5 {[%clk 0:11:37]} 12. Bf4
{[%clk 0:10:46]} e5 {[%clk 0:09:24]} 13. Bxe5 {[%clk 0:04:38]} Rxb7
{[%clk 0:08:33]} 14. cxb7+ {[%clk 0:04:47]} Ke7 {[%clk 0:08:42]} 15. Nd4
{[%clk 0:04:13]} Nc2+ {[%clk 0:08:40]} 16. Nxc2 {[%clk 0:04:21]} Bxc2
{[%clk 0:08:49]} 17. Na3 {[%clk 0:04:26]} Be4 {[%clk 0:08:41]} 18. Rd1
{[%clk 0:04:07]} Qb8 {[%clk 0:08:18]} 19. Rd7+ {[%clk 0:03:31]} Ke6
{[%clk 0:08:15]} 20. Bxc7 {[%clk 0:03:34]} Qxb7 {[%clk 0:08:19]} 21. O-O
{[%clk 0:01:09]} Bxc5 {[%clk 0:08:01]} 22. Bd6 {[%clk 0:00:57]} Bxd6
{[%clk 0:06:45]} 23. Rxb7 {[%clk 0:01:03]} Bxb7 24. Nc4 {[%clk 0:00:46]} Bc5
{[%clk 0:07:02]} 25. Re1+ {[%clk 0:00:48]} Kf6 {[%clk 0:07:09]} 26. Na5
{[%clk 0:00:49]} Bb4 {[%clk 0:07:02]} 27. Nxb7 {[%clk 0:00:52]} Bxe1
{[%clk 0:07:10]} 28. Kf1 {[%clk 0:00:53]} Bb4 {[%clk 0:07:19]} 29. a3
{[%clk 0:00:58]} Rb8 {[%clk 0:07:26]} 30. Bc6 {[%clk 0:00:53]} Be7
{[%clk 0:07:27]} 31. b4 {[%clk 0:00:57]} Rc8 {[%clk 0:07:28]} 32. Na5
{[%clk 0:00:43]} Bd8 {[%clk 0:07:24]} 33. Bb7 {[%clk 0:00:44]} Rc3
{[%clk 0:07:32]} 34. Nc6 {[%clk 0:00:50]} Bb6 {[%clk 0:07:25]} 35. a4
{[%clk 0:00:56]} Rc1+ {[%clk 0:07:30]} 36. Ke2 {[%clk 0:00:56]} Rc2+
{[%clk 0:07:39]} 37. Kf3 {[%clk 0:00:48]} Rxf2+ {[%clk 0:07:45]} 38. Kg3
{[%clk 0:00:57]} Rb2 {[%clk 0:07:47]} 39. a5 {[%clk 0:00:33]} Bc7+
{[%clk 0:07:56]} 40. Kh3 {[%clk 0:00:41]} Ke6 {[%clk 0:07:07]} 41. Nxa7
{[%clk 0:00:32]} Rxb4 {[%clk 0:06:57]} 42. a6 {[%clk 0:00:38]} Kd7
{[%clk 0:06:38]} 43. Bc8+ {[%clk 0:00:46]} Kd6 {[%clk 0:06:42]} 44. Bg4
{[%clk 0:00:18]} Bb8 {[%clk 0:05:59]} 45. Nc8+ {[%clk 0:00:21]} Kc7
{[%clk 0:06:08]} 46. a7 {[%clk 0:00:27]} Bxa7 {[%clk 0:06:16]} 47. Nxa7
{[%clk 0:00:35]} Kb7 {[%clk 0:06:23]} 48. Nc8 {[%clk 0:00:36]} Rxg4
{[%clk 0:06:32]} 49. Nd6+ {[%clk 0:00:35]} Kc6 {[%clk 0:06:38]} 50. Nxf7
{[%clk 0:00:44]} Rf4 {[%clk 0:06:43]} 51. Ng5 {[%clk 0:00:50]} h6
{[%clk 0:06:48]} 52. Ne6 {[%clk 0:00:57]} Rf6 {[%clk 0:06:19]} 53. Nxg7
{[%clk 0:01:05]} Kd7 {[%clk 0:06:28]} 54. Nh5 {[%clk 0:01:07]} Rf5
{[%clk 0:06:35]} 55. g4 {[%clk 0:01:14]} Rf7 {[%clk 0:06:37]} 56. Ng3
{[%clk 0:01:18]} Ke6 {[%clk 0:06:44]} 57. Kh4 {[%clk 0:01:26]} Rf2
{[%clk 0:06:30]} 58. h3 {[%clk 0:01:32]} Rf3 {[%clk 0:06:34]} 59. Ne2
{[%clk 0:00:59]} Kf7 {[%clk 0:06:21]} 60. Nd4 {[%clk 0:01:08]} Rf6
{[%clk 0:06:22]} 61. Kh5 {[%clk 0:01:09]} Kg7 {[%clk 0:06:30]} 62. Nf5+
{[%clk 0:01:14]} Kh7 {[%clk 0:06:39]} 63. h4 {[%clk 0:00:34]} Ra6
{[%clk 0:06:44]} 64. g5 {[%clk 0:00:39]} hxg5 {[%clk 0:06:49]} 65. hxg5
{[%clk 0:00:46]} Rb6 {[%clk 0:06:49]} 66. Nh4 {[%clk 0:00:46]} Kg7
{[%clk 0:06:54]} 67. Nf5+ {[%clk 0:00:54]} Kh7 {[%clk 0:07:03]} 68. Nh4
{[%clk 0:01:03]} Ra6 {[%clk 0:07:12]} 69. Nf5 {[%clk 0:01:13]} Rb6
{[%clk 0:07:13]} 1/2-1/2

[Event "c14"]
[Site "?"]
[Date "2020.08.25"]
[Round "8.7"]
[White "Madajczak, Piotr"]
[Black "Jedraszek, Pawel"]
[Result "0-1"]
[BlackElo "1590"]
[WhiteElo "1703"]
[LiveChessVersion "1.4.8"]

1. c4 Nf6 2. Nc3 g6 3. g3 Bg7 4. Bg2 O-O 5. d3 d6 6. e4 e5 7. Nge2 Ne8 8. O-O c6
9. f4 f5 10. h3 a5 11. Kh2 Na6 12. Be3 Be6 13. Qd2 Qd7 14. Rae1 fxe4 15. Nxe4
Nec7 16. b3 d5 17. Ng5 dxc4 18. Nxe6 Nxe6 19. dxc4 Qxd2 20. Bxd2 Nac5 21. fxe5
Rxf1 22. Rxf1 Bxe5 23. Bc3 Bxc3 24. Nxc3 Rd8 25. Rf2 Kg7 26. h4 Rd3 27. Ne4 Nxe4
28. Bxe4 Re3 29. Bg2 h6 30. Bh3 Nd4 31. Kg2 b6 32. Bg4 c5 33. Bf3 Nf5 34. Re2
Rxe2+ 35. Bxe2 Kf6 36. Bd3 Nd4 37. g4 g5 38. Kg3 Ke5 39. h5 Ne6 40. Kf3 Kd4 41.
Bh7 Nf4 42. Bg8 Nd3 43. Bh7 Ne5+ 44. Kg3 Ke3 45. Bf5 Nc6 46. Bg6 Nd4 47. Bh7 Ne2+
48. Kg2 Kf4 49. Bf5 Nc1 50. Bb1 Kxg4 51. Kf2 Kf4 52. Ke1 Ke3 53. Kf1 Ne2 54. Bg6
Nd4 55. Kg2 Kf4 56. Kh3 g4+ 57. Kg2 Ne6 58. Bf7 Ng7 59. Kf2 Kg5 60. Kg2 Nxh5 61.
Be8 Nf4+ 62. Kg3 h5 63. Bd7 h4+ 64. Kh2 Nd3 65. Bc6 Kf4 66. a4 Nc1 67. Kg2 Nxb3
68. Kf2 Nd4 69. Bd5 h3 70. Kg1 g3 71. Kh1 Ke3 72. Kg1 Nf3+ 73. Bxf3 Kxf3 74. Kh1
g2+ 75. Kg1 h2+ 76. Kxh2 Kf2 0-1

[Event "c14"]
[Site "?"]
[Date "2020.08.25"]
[Round "8.8"]
[White "Pancewicz, Szymon"]
[Black "Wojdak, Jan"]
[Result "1/2-1/2"]
[BlackElo "1917"]
[WhiteElo "1521"]
[LiveChessVersion "1.4.8"]

1. e4 {[%clk 0:15:16]} c5 {[%clk 0:15:17]} 2. Nf3 {[%clk 0:15:24]} Nc6
{[%clk 0:15:26]} 3. d4 {[%clk 0:15:29]} cxd4 {[%clk 0:15:35]} 4. Nxd4
{[%clk 0:15:37]} Nf6 {[%clk 0:15:44]} 5. Nc3 {[%clk 0:15:36]} d6 {[%clk 0:15:53]}
6. Bg5 {[%clk 0:15:13]} e6 {[%clk 0:16:02]} 7. Qd2 {[%clk 0:15:03]} a6
{[%clk 0:16:10]} 8. O-O-O {[%clk 0:14:49]} Bd7 {[%clk 0:16:17]} 9. f4
{[%clk 0:13:44]} h6 {[%clk 0:16:19]} 10. Bxf6 {[%clk 0:12:51]} Qxf6
{[%clk 0:16:27]} 11. Nf3 {[%clk 0:11:49]} Qd8 {[%clk 0:14:58]} 12. f5
{[%clk 0:10:24]} Qa5 {[%clk 0:12:11]} 13. fxe6 {[%clk 0:09:11]} fxe6
{[%clk 0:12:20]} 14. Kb1 {[%clk 0:09:09]} O-O-O {[%clk 0:12:26]} 15. Bc4
{[%clk 0:07:37]} Be7 {[%clk 0:11:45]} 16. Bb3 {[%clk 0:06:47]} Kb8
{[%clk 0:11:42]} 17. Rhf1 {[%clk 0:05:12]} Rhf8 {[%clk 0:11:15]} 18. Ne2
{[%clk 0:04:27]} Qxd2 {[%clk 0:11:18]} 19. Rxd2 {[%clk 0:04:36]} g5
{[%clk 0:10:52]} 20. Rfd1 {[%clk 0:03:37]} g4 {[%clk 0:09:24]} 21. Nfd4
{[%clk 0:03:45]} Nxd4 {[%clk 0:08:55]} 22. Nxd4 {[%clk 0:03:49]} e5
{[%clk 0:08:38]} 23. Ne6 {[%clk 0:03:26]} Bxe6 {[%clk 0:08:47]} 24. Bxe6
{[%clk 0:03:31]} h5 {[%clk 0:05:34]} 25. b3 {[%clk 0:02:16]} Rf6 {[%clk 0:04:44]}
26. Bf5 {[%clk 0:02:08]} Rg8 {[%clk 0:04:37]} 27. g3 {[%clk 0:01:53]} Rh6
{[%clk 0:03:33]} 28. Kb2 {[%clk 0:01:29]} 1/2-1/2

[Event "c14"]
[Site "?"]
[Date "2020.08.25"]
[Round "8.9"]
[White "Ciszewski, Krzysztof"]
[Black "Malinowski, Szymon"]
[Result "1-0"]
[BlackElo "1844"]
[WhiteElo "1552"]
[LiveChessVersion "1.4.8"]

1. d4 {[%clk 0:15:19]} d5 {[%clk 0:15:20]} 2. c4 {[%clk 0:15:28]} e6
{[%clk 0:15:29]} 3. Nc3 {[%clk 0:15:37]} Nf6 {[%clk 0:15:37]} 4. cxd5
{[%clk 0:15:46]} exd5 {[%clk 0:15:46]} 5. Bg5 {[%clk 0:15:54]} Be7
{[%clk 0:15:54]} 6. e3 {[%clk 0:16:03]} c6 {[%clk 0:16:02]} 7. Bd3
{[%clk 0:16:10]} O-O {[%clk 0:16:08]} 8. Nge2 {[%clk 0:16:17]} Bg4
{[%clk 0:15:28]} 9. f3 {[%clk 0:16:25]} Bh5 {[%clk 0:15:36]} 10. Bh4
{[%clk 0:16:06]} Re8 {[%clk 0:15:12]} 11. Bf2 {[%clk 0:16:11]} Nbd7
{[%clk 0:14:06]} 12. O-O {[%clk 0:16:17]} Bd6 {[%clk 0:13:27]} 13. e4
{[%clk 0:14:06]} dxe4 {[%clk 0:13:34]} 14. fxe4 {[%clk 0:14:15]} Ng4
{[%clk 0:13:15]} 15. e5 {[%clk 0:13:42]} Bc7 {[%clk 0:11:09]} 16. Qc2
{[%clk 0:11:18]} Bg6 {[%clk 0:08:42]} 17. Nf4 {[%clk 0:07:16]} Bb6
{[%clk 0:02:46]} 18. Bxg6 {[%clk 0:05:22]} hxg6 {[%clk 0:02:53]} 19. e6
{[%clk 0:04:32]} fxe6 {[%clk 0:02:05]} 20. Nxg6 {[%clk 0:03:21]} Ndf6
{[%clk 0:01:24]} 21. Na4 {[%clk 0:02:01]} Bxd4 {[%clk 0:00:35]} 22. Bxd4
{[%clk 0:00:20]} Qxd4+ {[%clk 0:00:44]} 23. Kh1 {[%clk 0:00:29]} Ne3
{[%clk 0:00:52]} 24. Qf2 {[%clk 0:00:33]} Nfg4 {[%clk 0:00:29]} 25. Qf7+
{[%clk 0:00:28]} Kh7 {[%clk 0:00:38]} 26. Nf4 {[%clk 0:00:16]} Nxf1
{[%clk 0:00:23]} 27. Qh5+ {[%clk 0:00:24]} Kg8 {[%clk 0:00:30]} 28. Qxg4
{[%clk 0:00:29]} Qxa4 {[%clk 0:00:06]} 29. Rxf1 {[%clk 0:00:35]} e5
{[%clk 0:00:24]} 30. Ne6 {[%clk 0:00:41]} Qxg4 {[%clk 0:00:31]} 1-0

[Event "c14"]
[Site "?"]
[Date "2020.08.25"]
[Round "8.10"]
[White "Kutowski, Marcel"]
[Black "Wilk, Igor"]
[Result "1/2-1/2"]
[BlackElo "1514"]
[WhiteElo "1819"]
[LiveChessVersion "1.4.8"]

1. e4 {[%clk 0:15:18]} e5 {[%clk 0:15:15]} 2. Nf3 {[%clk 0:15:27]} Nc6
{[%clk 0:15:24]} 3. Bb5 {[%clk 0:15:36]} a6 {[%clk 0:15:33]} 4. Ba4
{[%clk 0:15:45]} Nf6 {[%clk 0:15:41]} 5. O-O {[%clk 0:15:53]} d6 {[%clk 0:15:49]}
6. Re1 {[%clk 0:15:58]} b5 {[%clk 0:15:56]} 7. Bb3 {[%clk 0:16:07]} Be7
{[%clk 0:16:05]} 8. c3 {[%clk 0:16:16]} O-O {[%clk 0:16:12]} 9. h3
{[%clk 0:16:24]} Nb8 {[%clk 0:16:21]} 10. d4 {[%clk 0:16:31]} Nbd7
{[%clk 0:16:30]} 11. Nbd2 {[%clk 0:16:32]} c5 {[%clk 0:16:38]} 12. Nf1
{[%clk 0:16:35]} Bb7 {[%clk 0:16:34]} 13. d5 {[%clk 0:16:39]} c4 {[%clk 0:16:32]}
14. Bc2 {[%clk 0:16:48]} Nc5 {[%clk 0:16:34]} 15. Ng3 {[%clk 0:16:57]} Re8
{[%clk 0:16:35]} 16. Nf5 {[%clk 0:16:48]} Bf8 {[%clk 0:16:42]} 17. Bg5
{[%clk 0:16:22]} g6 {[%clk 0:15:40]} 18. Nh6+ {[%clk 0:16:19]} Bxh6
{[%clk 0:15:47]} 19. Bxh6 {[%clk 0:16:27]} Nh5 {[%clk 0:14:09]} 20. Nh2
{[%clk 0:15:01]} Bc8 {[%clk 0:12:34]} 21. Qf3 {[%clk 0:12:57]} Qf6
{[%clk 0:11:39]} 22. Be3 {[%clk 0:10:24]} 1/2-1/2

[Event "c14"]
[Site "?"]
[Date "2020.08.25"]
[Round "8.11"]
[White "Trzebinski, Patryk"]
[Black "Rog, Bartlomiej"]
[Result "1-0"]
[BlackElo "1550"]
[WhiteElo "1815"]
[LiveChessVersion "1.4.8"]

1. e4 {[%clk 0:15:18]} c5 {[%clk 0:15:19]} 2. Nf3 {[%clk 0:15:27]} d6
{[%clk 0:15:29]} 3. d4 {[%clk 0:15:37]} cxd4 {[%clk 0:15:38]} 4. Nxd4
{[%clk 0:15:45]} Nf6 {[%clk 0:15:48]} 5. Nc3 {[%clk 0:15:55]} Nc6
{[%clk 0:15:32]} 6. f3 {[%clk 0:14:50]} Nxd4 {[%clk 0:15:41]} 7. Qxd4
{[%clk 0:14:58]} g6 {[%clk 0:15:50]} 8. Be3 {[%clk 0:14:47]} Bg7 {[%clk 0:15:59]}
9. Bc4 {[%clk 0:14:49]} O-O {[%clk 0:15:56]} 10. Qd2 {[%clk 0:14:55]} Qc7
{[%clk 0:15:11]} 11. Bb3 {[%clk 0:15:02]} a6 {[%clk 0:15:20]} 12. O-O-O
{[%clk 0:15:08]} Nd7 {[%clk 0:14:23]} 13. h4 {[%clk 0:14:47]} Nb6
{[%clk 0:13:08]} 14. Qf2 {[%clk 0:13:37]} Nd7 {[%clk 0:12:15]} 15. Nd5
{[%clk 0:13:44]} Qd8 {[%clk 0:12:24]} 16. h5 {[%clk 0:13:51]} e6 {[%clk 0:11:28]}
17. hxg6 {[%clk 0:12:48]} exd5 {[%clk 0:10:36]} 18. gxf7+ {[%clk 0:12:56]} Kh8
{[%clk 0:10:42]} 19. Rxh7+ {[%clk 0:12:23]} Kxh7 {[%clk 0:10:50]} 20. Rh1+
{[%clk 0:12:31]} Kg6 {[%clk 0:10:06]} 21. Qg3+ {[%clk 0:12:31]} Kxf7
{[%clk 0:10:01]} 22. Bxd5+ {[%clk 0:12:46]} Ke8 23. Qg6+ Ke7 {[%clk 0:10:00]} 24.
Qxg7+ {[%clk 0:12:54]} Ke8 25. Qg6+ 1-0